| 000 | 01908nam a2200469 c 4500 | ||
|---|---|---|---|
| 999 |
_c44037 _d44037 |
||
| 003 | BLK | ||
| 005 | 20250119004122.0 | ||
| 008 | 180408b bul|||||r ||||||| ||bul|| | ||
| 010 | _aKNG00047796000 | ||
| 020 | _a954-9548-68-6 | ||
| 040 | _aBLK | ||
| 041 |
_aBUL _cBUL |
||
| 072 | 7 |
_2bullib _aЯ _xАвтографи |
|
| 080 |
_aПолитически партии и движения _b329 _x(497.2)БЗНС(091) _z329(497.2)БЗНС(091) |
||
| 080 |
_aПолитическо преследване. Терористични действия. Тероризъм - Атентати, политически убийства. Вж и 343.1 ; 343.3/.7 _b323.28 _x(497.2)(091) _z323.28(497.2)(091) |
||
| 080 |
_aНародна Република България (1946 - 1990) _b94(497.2)"1946/1990" _z94(497.2)"1946/1990" |
||
| 100 | 1 |
_aХорозов, Крум Кънчев _d1925-2017 _eпърви автор _9366025 |
|
| 139 |
_aХорозов, Крум Кънчев _bХ 69 |
||
| 245 | 1 | 0 |
_aСаможертва и борба _cКрум Кънчев Хорозов. |
| 257 | _aBGR | ||
| 260 |
_bАвангард принт _c2004 |
||
| 300 |
_a112 с. _bс портр. _c22 см |
||
| 380 | _a3 | ||
| 500 | _aСъдържа и Автобиографични данни. - Офс. изд. | ||
| 650 | 4 |
_aБЗНС - история _9245934 |
|
| 650 | 4 |
_aБългария - вътрешна политика - след 9.IХ.1944 г. _9261429 |
|
| 650 | 0 |
_aБългария - история, нова _9241998 |
|
| 653 | _aБЗНС | ||
| 653 | _aистория | ||
| 653 | _aспомени | ||
| 653 | _aдейци | ||
| 659 | _aК | ||
| 659 | _aЯ | ||
| 852 | _aЦб 220515 | ||
| 852 | _a К 329(497.2)/Х 69 К | ||
| 856 | 4 | _qpdf | |
| 856 | 4 | _qpdf | |
| 942 |
_cKNG _n0 _s1 |
||
| 944 |
_aCR _c27.07.2004 _k _lCRON CRON |
||
| 944 |
_aED _c30.05.2014 |
||
| 999 | _d44037 | ||